000
00301 a2200157 4500
001
58264
020
_a
040
_c
Anchieta - Pituba
100
_a
Goodwin, Jack
240
1
0
_a
Bahia
_l
por
245
1
0
_a
Bahia
300
_a
94
362
0
_a
1994
650
4
_a
Literatura brasileira
942
_c
BK
999
_c
58264
_d
58264